<Los> acuerdos o pactos de empresa / (Record no. 261)

MARC details
000 -LEADER
campo de control de longitud fija 01085nam a2200361Ia 4500
001 - NÚMERO DE CONTROL
campo de control 003040
008 - DATOS DE LONGITUD FIJA--INFORMACIÓN GENERAL
campo de control de longitud fija 221003s1996 xx 000 0 spa d
020 ## - NÚMERO INTERNACIONAL ESTÁNDAR DEL LIBRO
Número Internacional Estándar del Libro 84-8002-313-9
035 ## - NÚMERO DE CONTROL DEL SISTEMA
Número de control de sistema CENDO_262
041 ## - CÓDIGO DE IDIOMA
Código de lengua del texto/banda sonora o título independiente spa
084 ## - OTRO NÚMERO DE CLASIFICACIÓN
Número de clasificación CD-00073
100 ## - ENTRADA PRINCIPAL--NOMBRE DE PERSONA
Nombre de persona SALA FRANCO, Tomás
9 (RLIN) 304
245 #0 - MENCIÓN DEL TÍTULO
Título <Los> acuerdos o pactos de empresa /
Mención de responsabilidad, etc. Tomás Sala Franco, Carlos L. Alfonso Mellado, Abdón Pedrajas Moreno
260 ## - PUBLICACIÓN, DISTRIBUCIÓN, ETC.
Lugar de publicación, distribución, etc. Valencia :
Nombre del editor, distribuidor, etc. Tirant lo Blanch,
Fecha de publicación, distribución, etc. 1996
300 ## - DESCRIPCIÓN FÍSICA
Extensión 94 p. ;
Dimensiones 21 cm
490 ## - MENCIÓN DE SERIE
Mención de serie Colección Laboral ;
Designación de volumen o secuencia 27
650 #0 - PUNTO DE ACCESO ADICIONAL DE MATERIA--TÉRMINO DE MATERIA
Término de materia o nombre geográfico como elemento de entrada NEGOCIACION COLECTIVA
9 (RLIN) 74
650 ## - PUNTO DE ACCESO ADICIONAL DE MATERIA--TÉRMINO DE MATERIA
Término de materia o nombre geográfico como elemento de entrada ACTITUD DE LA DIRECCION
9 (RLIN) 173
650 ## - PUNTO DE ACCESO ADICIONAL DE MATERIA--TÉRMINO DE MATERIA
Término de materia o nombre geográfico como elemento de entrada FUSION DE EMPRESAS
9 (RLIN) 765
650 ## - PUNTO DE ACCESO ADICIONAL DE MATERIA--TÉRMINO DE MATERIA
Término de materia o nombre geográfico como elemento de entrada CONFLICTO DE TRABAJO
9 (RLIN) 114
650 ## - PUNTO DE ACCESO ADICIONAL DE MATERIA--TÉRMINO DE MATERIA
Término de materia o nombre geográfico como elemento de entrada ACTITUD DE LOS TRABAJADORES
9 (RLIN) 766
650 #0 - PUNTO DE ACCESO ADICIONAL DE MATERIA--TÉRMINO DE MATERIA
Término de materia o nombre geográfico como elemento de entrada LEGISLACION DEL TRABAJO
9 (RLIN) 126
650 #0 - PUNTO DE ACCESO ADICIONAL DE MATERIA--TÉRMINO DE MATERIA
Término de materia o nombre geográfico como elemento de entrada MERCADO DE TRABAJO
9 (RLIN) 52
700 ## - ENTRADA AGREGADA--NOMBRE PERSONAL
Nombre de persona ALFONSO MELLADO, Carlos Luis
9 (RLIN) 736
700 ## - ENTRADA AGREGADA--NOMBRE PERSONAL
Nombre de persona PEDRAJAS MORENO, Abdón
9 (RLIN) 767
901 ## - ELEMENTOS DE DATOS A LOCAL LDA (RLIN)
a 1
903 ## - ELEMENTOS DE DATOS C LOCAL, LDC (RLIN)
a NO
904 ## - ELEMENTOS DE DATOS D LOCAL, LDD (RLIN)
a 000
953 ## -
-- 1996-03-29
-- MONOGRAFIA
-- CD-00073
910 ## - DATOS DE OPCIÓN DEL USUARIO (OCLC)
Datos de opción del usuario 1996
942 ## - ELEMENTOS DE ENTRADA SECUNDARIOS (KOHA)
Tipo de ítem Koha Monografía
Holdings
Estatus retirado Estado de pérdida Estado de daño No para préstamo Biblioteca de origen Biblioteca actual Fecha de adquisición Total de préstamos Signatura topográfica completa Código de barras Visto por última vez Precio de reemplazo Tipo de ítem Koha
        CENDO CENDO 29/03/1996   CD-00073 CENDO_262 05/10/2022 05/10/2022 Monografía